Panduan kekukuhan koleksi perpustakaan

Bibliographic Details
Corporate Author: Perpustakaan Negara Malaysia
Format: Book
Published: Kuala Lumpur : Perpustakaan Negara Malaysia , 1991
Edition:Ed. ke2
Subjects:

MARC

LEADER 00000cam a2200000 7i4500
001 0000004028
005 20050427.0
020 |a 9839955780 
040 |a INS 
090 0 0 |a RZ662.   |b P189 1991 
245 1 0 |a Panduan kekukuhan koleksi perpustakaan   |c Perpustakaan Negara Malaysia 
250 |a Ed. ke2 
260 |a Kuala Lumpur :   |b Perpustakaan Negara Malaysia ,   |c 1991 
300 |a 204 m.s. ;   |c 29 cm. 
650 0 0 |a Libraries, Special   |z Malaysia   |x Directories 
650 0 0 |a Libraries   |z Malaysia   |x Directories 
650 0 0 |a Library resources   |z Malaysia   |x Directories 
710 2 |a Perpustakaan Negara Malaysia 
999 |a 0000004457   |b BOOK   |c Reference   |e Default branch